000 00284nam a22001337a 4500
008 180109b xxu||||| |||| 00| 0 eng d
020 _a9780787943028
041 _aeng
080 _a159.9
100 _a48
101 _aPSI
245 _aTheraplay
_cJernberg, A.M
942 _2udc
_cBK
999 _c39939
_d39939